Bồi dưỡng tính tự giác, tích cực, độc lập trong học tập cho sinh viên các trường đại học hiện nay

Uloženo v:
Podrobná bibliografie
Hlavní autor: Nguyễn, Thái Bảo
Médium: Kniha
Jazyk:Undetermined
Témata:
On-line přístup:http://lrc.tdmu.edu.vn/opac/search/detail.asp?aID=2&ID=20601
Tagy: Přidat tag
Žádné tagy, Buďte první, kdo otaguje tento záznam!
Thư viện lưu trữ: Trung tâm Học liệu Trường Đại học Thủ Dầu Một
LEADER 00724nam a2200145Ia 4500
001 TDMU_20601
008 210410s9999 xx 000 0 und d
082 |a 378 
100 |a Nguyễn, Thái Bảo 
245 0 |a Bồi dưỡng tính tự giác, tích cực, độc lập trong học tập cho sinh viên các trường đại học hiện nay 
245 0 |c Nguyễn Thái Bảo 
300 |a Tr.18-19 
650 |a Giáo dục đại học  |x Phương pháp giảng dạy và học tập; Sinh viên; Tự giác; Tích cực; Độc lập 
856 |u http://lrc.tdmu.edu.vn/opac/search/detail.asp?aID=2&ID=20601 
980 |a Trung tâm Học liệu Trường Đại học Thủ Dầu Một